000 nam a22 a 4500
999 _c3570
_d3570
005 20170523112432.0
008 170523b my ||||| |||| 00| 0 eng d
020 _a9831971477
040 _aAKMAL
082 _a658.4093 PEN
090 _a658.4093
_b PEN
245 _aPengurusan Masa :
_bMenguruskan masa dengan lebih baik dalam masa 21 hari
260 _aKuala Lumpur
_bSynergy Publishing Co.
300 _a127p
_c22cm
650 _apengurusan masa
_97102
942 _2ddc
_cBOOK